MARC details
| 000 -CABECERA |
| campo de control de longitud fija |
01199nam a2200301 a 4500 |
| 001 - NÚMERO DE CONTROL |
| campo de control |
000024735 |
| 005 - FECHA Y HORA DE LA ÚLTIMA TRANSACCIÓN |
| campo de control |
20240410201344.0 |
| 008 - DATOS DE LONGITUD FIJA--INFORMACIÓN GENERAL |
| campo de control de longitud fija |
110203s1994 sp a r 000 | spa d |
| 020 ## - NÚMERO INTERNACIONAL ESTÁNDAR DEL LIBRO |
| Número Internacional Estándar del Libro |
8480270276 |
| 040 ## - FUENTE DE LA CATALOGACIÓN |
| Centro catalogador/agencia de origen |
DO-SdBNP |
| Lengua de catalogación |
spa |
| Centro/agencia transcriptor |
BNPHU |
| 082 ## - NÚMERO DE LA CLASIFICACIÓN DECIMAL DEWEY |
| Número de clasificación |
615.89 |
| Número de documento/Ítem |
H811 |
| 049 ## - FONDOS LOCALES (OCLC) |
| Fondos de biblioteca |
BNGR |
| 100 1# - ENTRADA PRINCIPAL--NOMBRE DE PERSONA |
| Nombre de persona |
Horan, Paula |
| 9 (RLIN) |
50749 |
| 245 13 - MENCIÓN DE TÍTULO |
| Título |
Reiki : |
| Resto del título |
curación y autocuración por la energía vital, manual para la transformación global y personal / |
| Mención de responsabilidad, etc. |
Paula Horan; traducción Miguel Giménez Sales; ilustración Peter Ehrhardt. |
| 246 14 - FORMA VARIANTE DE TÍTULO |
| Título propio/Titulo breve |
Reiki |
| Resto del título |
curación y autocuración por la energía universal |
| 260 ## - PUBLICACIÓN, DISTRIBUCIÓN, ETC. |
| Lugar de publicación, distribución, etc. |
Barcelona, (España) : |
| Nombre del editor, distribuidor, etc. |
Editorial Ibis, |
| Fecha de publicación, distribución, etc. |
1994. |
| 300 ## - DESCRIPCIÓN FÍSICA |
| Extensión |
193 p. : |
| Otras características físicas |
il. ; |
| Dimensiones |
22 cm. |
| 490 1# - MENCIÓN DE SERIE |
| Mención de serie |
Mandragora Medicinas Holísticas |
| 500 ## - NOTA GENERAL |
| Nota general |
Reimpresión de la primera edición de Junio de 1993 |
| 500 ## - NOTA GENERAL |
| Nota general |
Incluye glosario de terminos: 185-187 |
| 504 ## - NOTA DE BIBLIOGRAFÍA, ETC. |
| Nota de bibliografía, etc. |
Incluye referencias bibliográficas : p. 189-192 |
| 650 #0 - PUNTO DE ACCESO ADICIONAL DE MATERIA--TÉRMINO DE MATERIA |
| Término de materia o nombre geográfico como elemento de entrada |
Medicina alternativa |
| 9 (RLIN) |
37050 |
| 650 #4 - PUNTO DE ACCESO ADICIONAL DE MATERIA--TÉRMINO DE MATERIA |
| Término de materia o nombre geográfico como elemento de entrada |
Medicina oriental |
| 9 (RLIN) |
50412 |
| 650 #4 - PUNTO DE ACCESO ADICIONAL DE MATERIA--TÉRMINO DE MATERIA |
| Término de materia o nombre geográfico como elemento de entrada |
Curación mental |
| 9 (RLIN) |
50414 |
| 650 #4 - PUNTO DE ACCESO ADICIONAL DE MATERIA--TÉRMINO DE MATERIA |
| Término de materia o nombre geográfico como elemento de entrada |
Energía mental |
| 9 (RLIN) |
50750 |
| 700 1# - PUNTO DE ACCESO ADICIONAL--NOMBRE DE PERSONA |
| Nombre de persona |
Giménez Sales, Miguel |
| Término indicativo de función/relación |
tr. |
| 9 (RLIN) |
46678 |
| 830 #0 - PUNTO DE ACCESO ADICIONAL DE SERIE-TÍTULO UNIFORME |
| Título uniforme |
Mandragora Medicinas Holísticas |
| 9 (RLIN) |
50751 |